000
00331nam a2200145Ia 4500
008
230718s9999 xx 000 0 und d
041
_a
Eng.
082
_a
346.04
_b
SHR-A
100
_a
Shrif,Mohammad
245
0
_a
Arbitration act 1941
260
_a
Pakistan
_b
National law
_c
2012
300
_a
112
650
_a
Law
999
_c
30309
_d
30309